书目信息 |
| 题名: |
现代美国篮球12大进攻战术
|
|
| 作者: | 威廉·希利 , 约瑟夫·哈特利 著 | |
| 分册: | ||
| 出版信息: | 北京 人民体育出版社 1990 |
|
| 页数: | 256页 | |
| 开本: | 20cm | |
| 丛书名: | ||
| 单 册: | ||
| 中图分类: | G841.1 | |
| 科图分类: | ||
| 主题词: | 球类运动 | |
| 电子资源: | ||
| ISBN: | 7-5009-0540-8 | |
| 000 | 00652nam0 2200205 45 | |
| 001 | 0405060883 | |
| 005 | 20040506082941.9 | |
| 010 | @dCNY4.20@a7-5009-0540-8 | |
| 100 | @a20040506d1990 km y0chiy0120 ea | |
| 101 | 0 | @achi |
| 105 | @a z 000yy | |
| 200 | 1 | @a现代美国篮球12大进攻战术@AXian Dai Mei Guo Lan Qiu 12 Da Jin Gong Zhan Shu@f(美)威廉·希利,约瑟夫·哈特利著@F(Mei)Wei Lian·Xi Li,Yue Se Fu·Ha Te Li Zhu |
| 210 | @a北京@c人民体育出版社@d1990 | |
| 215 | @a256页@d20cm | |
| 606 | 0 | @a球类运动 |
| 690 | @aG841.1@v3 | |
| 701 | 0 | @a威廉·希利@4著 |
| 701 | 0 | @a约瑟夫·哈特利@4著 |
| 801 | @aCN@bTSTCL@c20040506 | |
| 905 | @f1@b231677@dG841.1@e58 | |
| 现代美国篮球12大进攻战术/(美)威廉·希利,约瑟夫·哈特利著.-北京:人民体育出版社,1990 |
| 256页;20cm |
| ISBN 7-5009-0540-8:CNY4.20 |
| ● |
| 相关链接 |
|
|
|
|
正题名:现代美国篮球12大进攻战术
索取号:G841.1/58
 
预约/预借
| 序号 | 登录号 | 条形码 | 馆藏地/架位号 | 状态 | 备注 |
| 1 | 0231677 | 000301382 | 第四借阅区/ [索取号:G841.1/58] | 在馆 | |
| 2 | 0231678 | 000301391 | 第一样本阅览室/ [索取号:G841.1/58] | 在馆 |